000 01045nam a2200277Ia 4500
003 OSt
005 20221005110757.0
006 a|||||r|||| 00| 0
007 ta
008 221004b |||||||| |||| 00| 0 hin d
020 _a812670876X (hbk)
_c175
024 _a12057
037 _bBR8176, 20/03/2014, Rajkamal Prakashan Pvt. Ltd.
_cTextual
040 _aCRL
_cCRL
_bhin
041 _2hin
_ahin
082 _aY31,252B, 152P4;P6
100 _aत्रिपाठी, विश्वनाथ
245 0 _aनंगातलाई का गॉंव
246 _aNangātalāī kā gaॉanva
250 _a2 संस्करण
260 _aनई दिल्ली
_bराजकमल प्रकाशन भारत
_c2006
300 _a143पृ0
_ccm.
650 _aभारतीय-लोक साहित्य
942 _hY31,252B, 152P4;P6
_cTEXL
_2cc
999 _c1019860
_d1019860